| 000 | 00758nam a2200217Ia 4500 | ||
|---|---|---|---|
| 003 | Ost | ||
| 005 | 20260507075630.0 | ||
| 008 | 260507s9999||||xx |||||||||||||| ||und|| | ||
| 020 | _a2005919977 | ||
| 040 | _cfsecg | ||
| 041 | _aara | ||
| 082 | _a658 | ||
| 100 |
_aمنصور، علي محمد _eمؤلف |
||
| 245 | 0 |
_aمبادئ الإدارة : _bأسس و مفاهيم / _c علي محمد منصور |
|
| 260 |
_aالقاهرة: _bمجموعة النيل العربية, _c2001 |
||
| 300 |
_a384 صفحة؛ _c24 سم |
||
| 504 | _aالمراجع ص.375 | ||
| 520 | _aتجد في هذا الكتاب أساسيت الإدارة ،عناصر الإدارة الإدارة الحديثة | ||
| 653 | _aإدارة الأعمال | ||
| 942 | _cكتاب | ||
| 999 |
_c45194 _d45194 |
||